000 01752nam0a2200373 4500
001 RU\NLR\bibl\1150408
005 20241119153552.0
020 _aRU
_b07-11509
_9Летопись авторефератов диссертаций
021 _aRU
_b2007-6316а
_9253а
035 _a(NLR Aleph) 001137206
090 _a1394868
_c1394868
100 _a20070615d2007 u u0rusy50 ca
101 0 _arus
102 _aRU
105 _aa dm |||||
135 _acrgn 008aaaba
200 1 _aОценка ситуации на локальном рынке труда: проблемы и пути их решения
_e(на примере города Рубцовска)
_eавтореф. дис. на соиск. учен. степ. канд. экон. наук
_eспециальность 08.00.05 <Экономика и упр. нар. хоз-вом>
_fХорунжин Максим Геннадьевич
_g[Алт. гос. ун-т]
210 _aБарнаул
_d2007
215 _a23 с.
_cил.
_d21
320 _aБиблиогр.: с. 21-23 (11 назв.)
325 _aКопия доступна в Электрон. б-ке РНБ
610 0 _aРубцовск, г., Алт. край, экон. науки
675 _a331.5(571.15)
_v3
_zrus
686 _a06.71
_2rugasnti
686 _a65.24
_2rubbk
686 _a08.00.05
_2oksvnk
700 1 _aХорунжин
_bМ. Г.
_gМаксим Геннадьевич
_4070
801 0 _aRU
_bRKP
_c20070615
_gPSBO
801 1 _aRU
_bRKP
_c20070615
801 2 _aRU
_bNLR
_c20071107
_grcr
901 _eАвторефераты
942 _cBOOK
981 1 0 _a(10) Авторефераты